Quality guides spatial plans (Record no. 75602)
[ view plain ]
| 000 -LEADER | |
|---|---|
| fixed length control field | 01455cab a2200193 4500 |
| 001 - CONTROL NUMBER | |
| control field | L130403 |
| 008 - FIXED-LENGTH DATA ELEMENTS--GENERAL INFORMATION | |
| fixed length control field | 050725n2005 000 0 eng u |
| 035 ## - SYSTEM CONTROL NUMBER | |
| System control number | (Sirsi) u130403 |
| 041 ## - LANGUAGE CODE | |
| Language code of text/sound track or separate title | eng |
| 100 ## - MAIN ENTRY--PERSONAL NAME | |
| Personal name | Eastman, Colin |
| 245 ## - TITLE STATEMENT | |
| Title | Quality guides spatial plans |
| 260 ## - PUBLICATION, DISTRIBUTION, ETC. | |
| Date of publication, distribution, etc. | 2005 |
| 490 ## - SERIES STATEMENT | |
| Series statement | Planning (for the Natural and Built Environment) |
| Volume/sequential designation | (1678) 15 July 2005, 5(1) |
| 520 ## - SUMMARY, ETC. | |
| Summary, etc. | The four principal government environmental advisers - the Countryside Agency, the Environment Agency, English Heritage and English Nature - have commissioned guidance to emphasis the role of planning in achieving a balanced and healthy environment. "Environmental quality in spatial planning" produced by David Tyldesley and Associates updates previous documents from the organisations and complements recent ODPM guidance. The new guidance sets out the agencies' vision of an objective-led approach to plans and strategies and their hopes for the reformed spatial strategy and more sustainable development. Lists the guidance's key messages and its vision of plan-making at all levels. While the emphasis is on England the guidance is equally applicable to Wales. |
| 590 ## - LOCAL NOTE (RLIN) | |
| Local note | IKA020805 |
| 690 ## - LOCAL SUBJECT ADDED ENTRY--TOPICAL TERM (OCLC, RLIN) | |
| Topical term or geographic name as entry element | ENVIRONMENTAL AND LAND CONSULTANCY-PLANNING AND DEVELOPMENT-STRATEGIC PLANNING |
| 856 ## - ELECTRONIC LOCATION AND ACCESS | |
| Uniform Resource Identifier | <a href="https://www.environment-agency.gov.uk/commondata/acrobat/envq_main_1109545.pdf">https://www.environment-agency.gov.uk/commondata/acrobat/envq_main_1109545.pdf</a> |
| Public note | View the guidance free of charge at www.environment-agency.gov.uk... |
| 942 ## - ADDED ENTRY ELEMENTS (KOHA) | |
| Suppress in OPAC | 0 |
| Withdrawn status | Lost status | Source of classification or shelving scheme | Damaged status | Not for loan | Home library | Current library | Shelving location | Date acquired | Total Checkouts | Full call number | Barcode | Date last seen | Copy number | Price effective from | Koha item type |
|---|---|---|---|---|---|---|---|---|---|---|---|---|---|---|---|
| Dewey Decimal Classification | London | London | Journal article | 25/07/2005 | L130403 | 130403-1001 | 06/08/2019 | 1 | 06/08/2019 | Journal article |